| 000 | 00697nam a2200205Ia 4500 | ||
|---|---|---|---|
| 001 | 50319 | ||
| 008 | 140502s9999 xx 000 0 und d | ||
| 020 | _aNA | ||
| 040 | _cPK-LaUMT | ||
| 082 |
_aMRB 155.2844 _bMUR-T |
||
| 100 | _aMurray, Henry A. | ||
| 110 | _aTerh Staff of the Harvard Psychological Clinic | ||
| 245 |
_aThematic appreception test manual _cMurray, Henry A.<>Terh Staff of the Harvard Psychological Clinic |
||
| 260 |
_aHarvard,USA: _bHarvard Psychological Clinic, _cNA |
||
| 300 |
_a24 p. _e30 (A4 size paper) pictures and 20 blank forms |
||
| 500 | _a30 (A4 size paper) pictures and 20 blank forms | ||
| 546 | _aEN | ||
| 650 | _aThematic apperception tests | ||
| 942 | _cBK | ||
| 999 |
_c47980 _d47980 |
||